00557nam a2200157Ia 4500008004100000020001800041041000800059082001600067100003300083245007600116250000600192260004100198300001100239999001900250952013000269210716s2011 xx 000 0 und d a9788126532209 aeng a005.43 CYRK aCyr, Ken St;Hunter, Laura E. aAutomating active directory administration with windows powershell 2.0. a1 aNew DelhibWiley India Pvt Ltdc2011 axx,484 c191663d191663 001040708MCAaAIMITbAIMITeKnowledge Worldg599.00l0o005.43 CYRKpMCA11171r2026-05-23 00:00:00v449.25w2021-07-16yBK